Responses for Show #1742 - Tuesday, March 10, 1992

Contestants

[<< previous game]

Kristen Geer, a geochemist from Houston, Texas

Pat Diamond, a police lieutenant from Philadelphia, Pennsylvania

Ann Wright, an immunologist from Agua Dulce, California (whose 3-day cash winnings total $13,000)

[next game >>]

Jeopardy! Round responses

LIFE SCIENCE
SUPERSTITIONS
ROCK GROUPS
TRAVEL & TOURISM
AROUND THE HOUSE
IN THE DICTIONARY
    $100 1
joints

Pat
    $100 19
a cat

Ann
    $100 7
the Bee Gees

Ann
    $100 18
(Ann: What is the Lourdes?)
(Alex: Say it again?)
(Ann: The Lourdes?)
(Alex: No.)
(Ann: Oh, [*].)

the Louvre

AnnPat
    $100 2
light bulbs

Kristen
    $100 9
the holy grail

Kristen
    $200 3
the face

Kristen
    $200 24
a broom

Kristen
    $200 8
The Mamas & the Papas

Pat
    $200 20
Casey Jones

Ann
    $200 17
a window

Ann
    $200 10
a fluke

Triple Stumper
    $300 4
eyes

Kristen
    $300 28
three

Pat
    $300 13
the Grateful Dead

Ann
    $300 21
Plymouth

Ann
    $300 25
(Kristen: What is a toaster?)
...
(Alex: Yes, a crisper is for the vegetables.)

a refrigerator

AnnKristen
    $300 11
a canter

Kristen
    $400 5
immunity

Ann
    $400 29
yawning

Kristen
    $400 14
the Four Tops

Pat
    $400 22
San Diego

Kristen
    $400 26
a rumpus room

Pat
    $400 12
a crèche

Ann
    $500 6
blue

Ann
    $500 30
knives

Kristen
    $500 15
Bread

Triple Stumper
    $500 23
Chekhov

Pat
    $800 27
(Pat: What is a lobby?)

the foyer

Pat
    $500 16
(Kristen: What is a brouhaha?)

a donnybrook

PatKristen

Scores at the first commercial break (after clue 15):

Ann Pat Kristen
$1,700 $700 $1,000

Scores at the end of the Jeopardy! Round:

Ann Pat Kristen
$2,700 $1,700 $1,700

Double Jeopardy! Round responses

WORLD HISTORY
BIRDS
CANADA
BOOKS & AUTHORS
SURGERY
HENRY FORD
    $200 6
Japan

Ann
    $200 26
a nest

Kristen
    $200 19
the Mounted Police

Kristen
    $200 1
[Pat selected the first clue.]

Kindergarten

Ann
    $200 11
a scalpel

Kristen
    $200 12
the assembly line

Pat
    $400 7
(Kristen: Who is Queen Anne?)
(Ann: Who is Mary?)
(Alex: Be more specific.)

Queen Mary I

AnnKristen
    $400 30
the Eagle

Triple Stumper
    $1,000 20
Alberta (or Ontario)

Kristen
    $400 2
(Joe) Wambaugh

Ann
    $400 15
a hysterectomy

Kristen
    $400 13
(Ann: What is president?)
(Kristen: What is governor?)

senator

AnnPatKristen
    $600 8
the Mogul Empire

Ann
    $600 29
(Alex: The ostrich has two.)

three

Triple Stumper
    $600 21
Saskatchewan

Pat
    $600 3
D.H. Lawrence

Ann
    $600 16
an orthopedic surgeon

Ann
    $600 14
bunk

Ann
    $800 9
Kiev

Ann
    $800 28
the blackbird

Kristen
    $800 24
(Kristen: What is British Columbia?)
(Pat: What is the Northwest Territory?)
....
(British Columbia is a province, Kristen.)

(the) Yukon (Territory)

AnnPatKristen
    $2,000 4
Thomas Hardy

Ann
    $800 17
the head (skull)

Kristen
    $800 22
Dearborn

Kristen
    $1000 10
(Ann: Where is Amerigo Vespucci?)
(Kristen: Who is Christopher Columbus?)

John Cabot (Giovanni Caboto)

AnnKristen
Triple Stumper
    $1000 27
Asia

Kristen
    $1000 25
(Alex: We have a minute to go.)

Halifax

Ann
    $1000 5
(Alex: Well done, you ran the category, congratulations.)
[Applause]
(Alex: After that, I'm prompted to ask you, how remote was that place, uh, where you resided? Because you listened to a lot of rock and roll records and obviously read a great deal.)
(Ann: It was up in the southern Sierras.)
(Alex: Reading pays off.)
(Ann: Well, in this case it did.)

Dashiell Hammett

Ann
    $1000 18
(Kristen: What is the liver?)

the kidney

AnnKristen
    $1000 23
Edison

Kristen

Scores at the end of the Double Jeopardy! Round:

Ann Pat Kristen
$11,500 $2,100 $4,500
(lock game)

[wagering suggestions for these scores]

Final Jeopardy! Round responses

BUSINESS & INDUSTRY
(Alex: [To Pat] What is [*]? Home of Sam Walton.)
PatWhat is Wal-Mart?
$2,100
KristenWhat is Wal-mart
$2,000
AnnWhat is Walmart?
$1,500
Wal-Mart (Stores)

Final scores:

Ann Pat Kristen
$13,000 $4,200 $6,500
4-day champion: $26,000 3rd place: recliner by Lane + Jeopardy! home game 2nd place: Ashley bar & entertainment center + Magnavox 20" TV + Jeopardy! home game

Game dynamics:

Coryat scores:

Ann Pat Kristen
$10,300 $2,900 $3,900
24 R
(including 1 DD),
3 W
11 R,
2 W
(including 1 DD)
19 R
(including 1 DD),
7 W

Combined Coryat: $17,100

[game clues] [game scores] [suggest correction]

Game tape date: 1991-12-03
The J! Archive is created by fans, for fans. Scraping, republication, monetization, and malicious use prohibited; this site may use cookies and collect identifying information. See terms. The Jeopardy! game show and all elements thereof, including but not limited to copyright and trademark thereto, are the property of Jeopardy Productions, Inc. and are protected under law. This website is not affiliated with, sponsored by, or operated by Jeopardy Productions, Inc. Join the discussion at JBoard.tv.